| 000 | 00509nam a2200181 a 4500 | ||
|---|---|---|---|
| 001 | 3738 | ||
| 003 | CDMR | ||
| 005 | 20131024095250.0 | ||
| 008 | 130130s1972||||||||||||||||||||||||||||d | ||
| 040 |
_aCDMR _bcat _cCDMR |
||
| 100 | 1 |
_aRoberts, Martin _92655 |
|
| 245 | 1 | 0 |
_aVideocassettes _b: los sistemas, el mercado, el futuro _cMartin Roberts |
| 260 |
_aSalamanca _c1972 _bAnaya |
||
| 300 |
_a142 p. _c16 cm |
||
| 650 | 0 | 4 |
_93092 _aIndústria audiovisual |
| 650 | 0 | 4 |
_93786 _aAudiovisuals _xTècnica |
| 942 |
_cMON _2udc |
||
| 999 |
_c3738 _d3738 |
||